E3-九州自動車道のトンネル - Statistics

General Stats
  • This quiz has been taken 10 times
  • The average score is 4 of 32
Answer Stats
Pref. Answer % Correct
熊本県 肥後
60%
熊本県/宮崎県 加久藤
60%
福岡県 門司
30%
福岡県 福智山
30%
福岡県 金剛山
30%
熊本県
30%
熊本県 八丁山
20%
熊本県 淡島
20%
熊本県 塚原
10%
熊本県 馬廻
10%
熊本県 古屋敷
10%
熊本県 日光谷
10%
熊本県 鮎帰
10%
熊本県 登俣
10%
熊本県 白岳第一
10%
熊本県 白岳第二
10%
熊本県 小鶴
10%
熊本県 屋形
10%
熊本県 柚木川内
10%
鹿児島県 木原
10%
鹿児島県 小野
10%
福岡県 神田
0%
熊本県 太平山
0%
熊本県 横石
0%
熊本県 原女木
0%
熊本県 生名子
0%
熊本県 上片岩
0%
熊本県 坊ノ木場
0%
熊本県 大手木
0%
熊本県 万江第一
0%
熊本県 万江第二
0%
鹿児島県 田上
0%
No matching quizzes found
Score Distribution
Percent of People with Each Score
Percentile by Number Answered
Your Score History
You have not taken this quiz